000 00347nam a2200121Ia 4500
008 231129s9999||||xx |||||||||||||| ||spa||
020 _a958-95667-4-X
040 _bspa
082 _aR 613.2 S181
245 0 _aSalud y belleza : Tu propia imagen. La Tarde
264 _aPeriodicos Asociados
942 _2ddc
_cBKS
999 _c24270
_d24270